Larousse encyclopedia of prehistoric and ancient art : (Record no. 9892)
[ view plain ]
| 000 -LEADER | |
|---|---|
| fixed length control field | 01033cam a22002891i 4500 |
| 001 - CONTROL NUMBER | |
| JCCL Control Number | 9892 |
| 003 - CONTROL NUMBER IDENTIFIER | |
| JCCL marc code | BD-JhCC |
| 005 - DATE AND TIME OF LATEST TRANSACTION | |
| control field | 20180403122048.0 |
| 008 - FIXED-LENGTH DATA ELEMENTS--GENERAL INFORMATION | |
| fixed length control field | 180403s1962 enkabf 001 0 eng |
| 035 ## - SYSTEM CONTROL NUMBER | |
| system control number | (OCoLC)2708882 |
| -- | (BD-JhCC)9892 |
| 040 ## - CATALOGING SOURCE | |
| Original cataloging agency | DLC |
| Transcribing agency | WMUW |
| Modifying agency | OCoLC |
| -- | DSI |
| -- | CaBViV |
| -- | DLC |
| -- | BD-JhCC |
| 041 1# - LANGUAGE CODE | |
| Language code of Book | eng |
| Language code of original and/or intermediate translations of text | fre |
| 050 00 - LIBRARY OF CONGRESS CALL NUMBER | |
| Classification number | N5300 |
| Item number | .H953 1962a |
| 082 ## - DEWEY DECIMAL CLASSIFICATION NUMBER | |
| Author mark and Year | HUY 1962 |
| Classification number | 709.02 |
| 100 1# - MAIN ENTRY--PERSONAL NAME | |
| Personal name | Huyghe, René, |
| 240 02 - UNIFORM TITLE | |
| Uniform title | L'art et l'homme. |
| 245 10 - TITLE STATEMENT | |
| Title | Larousse encyclopedia of prehistoric and ancient art : |
| Remainder of title | art and mankind / |
| Statement of responsibility, etc | general editor René Huyghe. |
| 260 ## - PUBLICATION, DISTRIBUTION, ETC. (IMPRINT) | |
| Place of publication, distribution, etc | New York : |
| Name of publisher, distributor, etc | P. Hamlyn, |
| Date of publication, distribution, etc | 1962. |
| 300 ## - PHYSICAL DESCRIPTION | |
| Pagination | 414 p., [15] leaves of plates |
| Other physical details | ill. (some col.), maps. |
| Dimensions | 30 cm. |
| 500 ## - GENERAL NOTE | |
| General note | " Text prepared by Emily Evershed, Michael Heron, Corinne Lambert, Hugh Newbury and Wendela Schurmann from the French original: L'art et l'homme." |
| 500 ## - GENERAL NOTE | |
| General note | Includes index. |
| 650 #0 - SUBJECT ADDED ENTRY--TOPICAL TERM | |
| Topical term or geographic name as entry element | Art, Prehistoric |
| Form subdivision | Dictionaries. |
| 650 #0 - SUBJECT ADDED ENTRY--TOPICAL TERM | |
| Topical term or geographic name as entry element | Art, Ancient. |
| 740 0# - | |
| Uncontrolled related/analytical title | Art and mankind. |
| 942 ## - ADDED ENTRY ELEMENTS (KOHA) | |
| Source of classification or shelving scheme | Dewey Decimal Classification |
| Koha item type | Books |
| Source of classification or shelving scheme | Damaged status | Not for loan | Home library | Current library | Shelving location | Date of accession | Total Checkouts | Full call number | Barcode | Date last seen | Copy number | Koha item type |
|---|---|---|---|---|---|---|---|---|---|---|---|---|
| Dewey Decimal Classification | JCC Rouf Library | JCC Rouf Library | General Stacks | 04/03/2018 | 709.02 HUY 1962 | 13405 | 04/03/2018 | C-1 | Books |